000 00542nmm a2200169Ia 4500
008 251105s9999||||xx |||||||||||||||||und||
020 _a9788495839329
041 _aspa
100 _aHarwood, Ronald
245 0 _aEl pianista :
_b guión cinematográfico de Roman Polanski ; basado en las memorias publicadas de Wladyslaw Szpilman
264 _a[Madrid, España] :
_bOcho y Medio,
_c2003
300 _a136 páginas
490 _aEspiral
650 _aFilm studies
856 _uhttps://public.digitaliapublishing.com/a/404
942 _cCF
999 _c89649
_d89649